Country Quiz- Monaco - Statistics

General Stats
  • This quiz has been taken 8 times
  • The average score is 9 of 20
Answer Stats
Hint Answer % Correct
4) Official language French
100%
3) Famous casino that opened in 1865 Monte Carlo
100%
9) Sea that Monaco lies on Mediterranean
86%
5) Famous race through the streets ofMonaco, part of the F1 series Grand Prix
71%
2) Monaco is the __ smallest country inthe world after Vatican City 2nd
57%
6) American actress that married into Monacoroyalty in the 1950s Grace Kelly
57%
17) Royal family that rules Monaco Grimaldi
57%
16) Major French city closest to Monaco with aregional airport Nice
57%
11) Due to the above, Monaco is a ___ havenfor the rich Tax
57%
15) Has the worlds shortest _____ line, at only2.38 miles coast
43%
1) Coastal area of southern France that Monaco is on French Riviera
43%
12) Has the highest ___ _____, at an averageof 85.8 years Life Expectancy
43%
18) In 2024, this F1 driver became the first Monegasque to win the Grand Prix Charles Leclerc
29%
8) Current prince, who acts as head of state Albert II
14%
19) Museum that holds artifacts including clothing, letters,and documents of this famed French general Napoleon
14%
20) Prince that #6 married, giving her the title Princessof Monaco Rainier II
14%
10) Monaco is the _______ country inthe world, as it boasts the highest concentration of billionaires wealthiest
14%
7) Type of government in Monaco Constitutional Monarchy
0%
13) The main, upscale public beach Larvotto
0%
14) The main harbor, often filled with super-yachtsof the rich and famous Port Hercules
0%
No matching quizzes found
Score Distribution
Percent of People with Each Score
Percentile by Number Answered
Your Score History
You have not taken this quiz